Narraciones extraordinarias.
Uloženo v:
| Hlavní autor: | |
|---|---|
| Médium: | Kniha |
| Vydáno: |
Buenos Aires, Argentina:
Reysa Ediciones,
2008.
|
| Témata: | |
| Tagy: |
Přidat tag
Žádné tagy, Buďte první, kdo vytvoří štítek k tomuto záznamu!
|
MARC
| LEADER | 00000nam a22000007a 4500 | ||
|---|---|---|---|
| 003 | CL-VaPUC | ||
| 005 | 20250407202437.0 | ||
| 008 | 250306t2008 ||||| |||| 00| 0 spa d | ||
| 999 | |c 447141 |d 447139 | ||
| 020 | |a 978-987-1249-32-9 | ||
| 040 | |c Pontificia Universidad Católica de Valparaíso | ||
| 082 | |a 813 POE 2008 | ||
| 100 | |9 313715 |a Poe, Edgar Allan |e autor | ||
| 245 | |a Narraciones extraordinarias. | ||
| 260 | |a Buenos Aires, Argentina: |b Reysa Ediciones, |c 2008. | ||
| 300 | |a 222 páginas. | ||
| 500 | |a c.1.-c.2. Instituto Arcos.08-01-2025. | ||
| 583 | |c 20250114 |k GC | ||
| 650 | 0 | |9 317168 |a Literatura estadounidense |x Cuentos de terror |y Siglo 19 | |
| 942 | |2 ddc |c BK |n 0 | ||
| 952 | |0 0 |1 0 |2 ddc |4 0 |6 813_000000000000000_POE_2008 |7 0 |8 A |9 600688 |a BIBINC |b BIBINC |d 2025-03-06 |e Instituto Arcos |i 5665635 |o 813 POE 2008 |p 5665635 |r 2025-03-06 |t 1 |w 2025-03-06 |y BK |k IFP | ||
| 952 | |0 0 |1 0 |2 ddc |4 0 |6 813_000000000000000_POE_2008 |7 0 |8 A |9 601286 |a BIBINC |b BIBINC |d 2025-03-14 |e Instituto Arcos |i 5666136 |o 813 POE 2008 |p 5666136 |r 2025-03-14 |t 2 |w 2025-03-06 |y BK |k IFP | ||